| 000 | 01093cab a2200337 4500 | ||
|---|---|---|---|
| 001 | WB2936-32 | ||
| 008 | 090401t1993 xxu||||| |||| 00| 0 eng d | ||
| 035 | _a(Sirsi) u37963 | ||
| 041 | _aeng | ||
| 100 | _aFreer, Penny | ||
| 245 | _aOverseas landlords in UK tax confusion | ||
| 260 | _c1993 | ||
| 350 | _a0 | ||
| 490 |
_aCSW - The Property Week _v44(14) 30 September 1993, 88(1) |
||
| 520 | _aLooks at deductions from the payment of rent to landlords resident outside the UK under Income and Corporation Taxes Act 1988. | ||
| 650 | _aCONNAUGHT RESTAURANTS LTD V INDOOR LEISURE LTD | ||
| 650 | _aDEDUCTION OF TAX | ||
| 650 | _aDEDUCTIONS | ||
| 650 | _aINCOME AND CORPORATION TAXES ACT 1988 S349(1) | ||
| 650 | _aINCOME AND CORPORATION TAXES ACT 1988 S43 | ||
| 650 | _aINLAND REVENUE | ||
| 650 |
_aLANDLORD AND TENANT _96252 |
||
| 650 | _aOVERSEAS LANDLORD | ||
| 650 | _aPAYMENT OF RENT | ||
| 650 | _aPLACE OF ABODE | ||
| 650 | _aRENT | ||
| 650 | _aTENBRY INVESTMENTS LTD V PEUGEOT TALBOT MOTOR CO LTD | ||
| 690 | _aTAXATION | ||
| 942 | _n0 | ||
| 948 | _c04/03/1997 | ||
| 999 |
_c24406 _d24406 |
||